000 00705nam a2200289Ia 4500
005 20260324133236.0
008 008 260324s9999 xx 000 0 eng d
020 _a9781410607355
037 _aEBOOK
040 _aCRL
040 _beng
040 _cCRL
041 _2eng
041 _aeng
084 _qCRL
100 _aAnne van Kleeck; Eurydice B. Bauer; Steven A. Stahl
_91192334
245 0 _aOn Reading Books to Children
245 0 _bParents and Teachers
260 _bTaylor and Francis
260 _c2003
365 _a
365 _b265
856 _uhttp://www.taylorfrancis.com/books/9781410607355
942 _cEBOOK
999 _c1791208
_d1791208